|
|
|
|
| LEADER |
01295nam a2200265 a 4500 |
| 001 |
GR-Antirio1040 |
| 003 |
GR-PaULI |
| 005 |
20230505122410.0 |
| 008 |
140704s2006 xxu g b 001 0 eng d |
| 952 |
|
|
|0 0
|1 0
|2 ddc
|4 0
|6 621_382000000000000_MIN
|7 0
|9 262791
|a LISK-2
|b LISK-2
|c BSC
|d 2021-01-17
|e 24
|f 0
|g 0.00
|l 0
|o 621.382 MIN
|p 2430000008171
|r 2021-01-17 00:00:00
|t 1
|w 2021-01-17
|y BK15
|x 20140704 0 ΧΑΣΑΝΗ 1
|x GrPaTEI - Antirrio
|
| 952 |
|
|
|0 0
|1 0
|2 ddc
|4 0
|6 621_382000000000000_MIN
|7 0
|9 371442
|a LISP
|b LISP
|c ALFg
|d 2023-05-05
|i 35377
|l 0
|o 621.382 MIN
|p 025000300540
|r 2023-05-05 00:00:00
|t 2
|w 2023-05-05
|y BK15
|
| 999 |
|
|
|c 151394
|d 151394
|
| 020 |
|
|
|a 9780750682060
|
| 040 |
|
|
|a GrPaTEI
|b gre
|c GR-PaULI
|e AACR2
|
| 082 |
0 |
4 |
|a 621.382
|2 23
|
| 100 |
1 |
|
|a Minoli, Daniel
|9 93312
|d 1952-
|e συγγραφέας.
|
| 245 |
1 |
0 |
|a Voice over IPv6 :
|b architectures for next generation VoIP networks /
|c Daniel Minoli.
|
| 260 |
|
|
|a Burlington :
|b Newnes,
|c 2006.
|
| 300 |
|
|
|a xiii, 366 σ. :
|b εικ. ;
|c 24 εκ.
|
| 490 |
1 |
|
|a Communications engineering series
|
| 504 |
|
|
|a Περιλαμβάνει βιβλιογραφίες και ευρετήριο.
|
| 650 |
|
4 |
|a Διαδικτυακή τηλεφωνία
|9 32736
|
| 830 |
|
0 |
|9 197767
|a Communications engineering series
|
| 942 |
|
|
|2 ddc
|c BK
|
| 998 |
|
|
|c ΜΠΟΥΡΑΣ
|d 2023-05
|